| 000 | 00435nam a2200181 4500 | ||
|---|---|---|---|
| 001 | 8955 | ||
| 005 | 20230410103741.0 | ||
| 008 | 060907n2001 dr spa | ||
| 020 | _a1564581853 | ||
| 035 | _9funglode9029 | ||
| 041 | _aFR | ||
| 050 | 1 | 4 | _a318 DC 708 P232 2001 |
| 100 | _aAlan, Tillier | ||
| 245 | 1 |
_aParís / _cTillier Alan |
|
| 260 |
_aParís : _bDK Publishing, _c2001 |
||
| 300 | _a432 p. | ||
| 942 |
_2lcc _cbk |
||
| 999 |
_c25112 _d25112 |
||